Atlético de Madrid Squad 2014-2015 - Statistics

General Stats
  • This quiz has been taken 66 times
  • The average score is 19 of 25
Answer Stats
# Position Nation Player % Correct
- Coach Argentina Diego Simeone
100%
7 FW France Antoine Griezmann
97%
2 DF Uruguay Diego Godín
97%
13 GK Slovenia Jan Oblak
97%
6 MF Spain Koke
97%
10 MF Turkey Arda Turan
94%
24 DF Uruguay José María Giménez
91%
9 FW Croatia Mario Mandžukić
88%
5 MF Potugal Tiago Mendes
88%
14 MF Spain Gabi Fernández
85%
17 MF Spain Saúl Ñíguez
85%
1 GK Spain Miguel Ángel Moyá
82%
26 FW Argentina Ángel Correa
76%
20 DF Spain Juanfran Torres
76%
19 FW Spain Fernando Torres
73%
23 DF Brazil João Miranda
70%
11 FW Mexico Raúl Jiménez
70%
4 MF Spain Mario Suárez
67%
3 DF Brazil Guilherme Siqueira
64%
8 MF Spain Raúl García
64%
22 FW Italy Alessio Cerci
55%
21 MF Uruguay Cristian Rodríguez
52%
15 DF Argentina Cristian Ansaldi
39%
18 DF Spain Jesús Gámez
33%
22 MF Spain Cani
21%
No matching quizzes found
Score Distribution
Percent of People with Each Score
Percentile by Number Answered
Your Score History
You have not taken this quiz